| 000 | 01394nam a22002177a 4500 | ||
|---|---|---|---|
| 999 |
_c2919 _d2919 |
||
| 003 | AR-CdUCM | ||
| 008 | 190305b ||||| |||| 00| 0 spa d | ||
| 020 | _a978-99954-1-174-9 | ||
| 040 |
_aMUNICIPALIDAD PROVINCIAL DEL CUSCO _cBIBLIOTECA MUNICIPAL DEL CUSCO |
||
| 082 |
_a869.25 / _bM86 |
||
| 100 |
_aMoroarek Perou de Wagner, Elsa _910031 |
||
| 245 |
_aMis raíces en continentes distantes : _bun relato de coraje y sobrevivencia / |
||
| 260 |
_aLa Paz : _bPlural Editores, _c2008 |
||
| 300 |
_a231 páginas ; _bfotografías, _c21 cm. |
||
| 500 | _aMis raíces en continentes distantes es un relato inspirador de lucha de una familia para sobrevivir y permanecer unida durante el caos de la Segunda Guerra Mundial. La narración se desarrolla a lo largo de riesgosos lugares y situaciones en Checoslovaquia, Rumania y los Balcanes,incluyendo la participación de Jan en la Resistencia Checa contra la ocupación nazi, quienes al descubrirlo lo condenan y lo sentencian, pero la prominencia hizo que Albert Goering, hermano de Hermann, le salvara la vida, y finalmente Jan y su familia, durante el crudo invierno de 1946, lograra escapar de los invasores rusos y retornar a Argentina, en la época del régimen autocrático de Juan Dominguez Perón. | ||
| 650 |
_aSegunda Guerra Mundial _93550 |
||
| 650 |
_aSiglo XX _98 |
||
| 650 |
_aArgentina _9511 |
||
| 942 |
_2ddc _cLIBROS |
||
| 945 | _araen | ||